Влияние характера нагружения на сопротивление стали ударно-усталостному разрушению: Диссертация на соискание ученой степени кандидата технических наук

التفاصيل البيبلوغرافية
المؤلف الرئيسي: Быстров Ю. Г.
مؤلف مشترك: Томский инженерно-строительный институт (ТИСИ)
مؤلفون آخرون: Топоров Г. В. (научный руководитель)
اللغة:الروسية
منشور في: Томск, 1966
الموضوعات:
التنسيق: MixedMaterials كتاب
KOHA link:https://koha.lib.tpu.ru/cgi-bin/koha/opac-detail.pl?biblionumber=143651

MARC

LEADER 00000nbm0a2200000 4500
001 143651
005 20231031143304.0
035 |a (RuTPU)RU\TPU\book\155675 
090 |a 143651 
100 |a 20080922d1966 k y0rusy50 ca 
101 0 |a rus 
102 |a RU 
105 |a a m 001zy 
200 1 |a Влияние характера нагружения на сопротивление стали ударно-усталостному разрушению  |e Диссертация на соискание ученой степени кандидата технических наук  |f Ю. Г. Быстров  |g Томский инженерно-строительный институт (ТИСИ) ; науч. рук. Г. В. Топоров 
210 |a Томск  |d 1966 
215 |a 166 л.  |c ил. 
320 |a Библиогр.: с. 157-166 (165 назв.) 
610 1 |a диссертации 
610 1 |a ударно-усталостное разрушение 
610 1 |a сталь 
610 1 |a сопротивление 
610 1 |a нагружение 
610 1 |a металлы 
610 1 |a механические характеристики 
610 1 |a энергия удара 
610 1 |a долговечность 
675 |a 621.7м.14:539.3(04)  |v 3 
700 1 |a Быстров  |b Ю. Г. 
702 1 |a Топоров  |b Г. В.  |4 727 
712 0 2 |a Томский инженерно-строительный институт (ТИСИ)  |2 stltpush  |3 (RuTPU)RU\TPU\col\7823 
801 1 |a RU  |b 63413507  |c 20080922  |g PSBO 
942 |c BK